000 00865nas a2200277 4500
001 BR9604993
003 BR-BrBNA
005 20231205095820.0
007 ta
008 230509b bl.|||p| |||| 00| 00por d
040 _aBR-BrBNA
_bpor
_cBiblioteca Nacional de Agricultura
041 _a(Pt)
072 _aH20
100 1 _aCarmo, M.G.F. do
100 1 _aMaffia, L.A.
100 1 _aKimura, O.
100 1 _aCarvalho, A. de O. de
245 1 _aDisseminacao da pustula bacteriana do pimentao causada por Xanthomonas campestris pv. vesicatoria, em condicoes de viveiro
650 _aPimentao
650 _aPustula Bacteriana
650 _aEpidemiologia
650 _aViveiro
773 0 _tFitopatologia Brasileira (Brazil)
_xISSN 0100-4158
_g(Mar 1996), v. 21(1) p. 85-93
_wBR9604993
909 _a202311
_bLúcia
_c55
_dLúcia Elande
942 _2AGRIS
_n0
_cANA
999 _c152860
_d152860